00514nam a22001817a 4500999001900000005001700019010001300036020002600049037001500075082000800090100002100098245004800119250002400167260002800191270007000219300002100289942002200310 c181664d18166420210930105012.0 aEN230921 a9788193807255c700.00 bM.B. books a480 aAjay Kumar Singh aSSC English 195 sets /cby Ajay Kumar Singh arevised and updated aPatnabM.B. booksc2021 a3rd Floor, Ramdiri House, Dadiji Lane, Boring RoadbPatnae800001 a876p.c28cm(pbk) 2ddccENmAJAh480